[Event "Komarom Esztergom County-chT"]
[Site "Hungary"]
[Date "2013.02.10"]
[Round "6.6"]
[White "Kovacs, Szilveszter"]
[Black "Gaspar, David"]
[Result "0-1"]
[WhiteElo "1402"]
[BlackElo "1795"]
[PlyCount "70"]
[EventDate "2012.09.29"]
[EventType "team-tourn"]
[EventRounds "10"]
[EventCountry "HUN"]
[SourceTitle "EXT 2014"]
[Source "ChessBase"]
[SourceDate "2013.11.20"]
[SourceVersion "1"]
[SourceVersionDate "2013.11.20"]
[SourceQuality "1"]
[WhiteTeam "Kisber Aszar"]
[BlackTeam "Koernyei SE"]
[WhiteTeamCountry "HUN"]
[BlackTeamCountry "HUN"]

1. e4 c5 2. Bc4 d6 3. Nf3 Nf6 4. Nc3 Nc6 5. Ng5 e6 6. f4 a6 7. a4 Be7 8. f5 d5 9. exd5 exd5 10. Be2 Bxf5 11. 0-0 Bg6 12. d3 0-0 13. Bd2 Qd7 14. Nh3 d4 15. Na2 Rad8 16. Bf3 Ne5 17. Ba5 Rc8 18. Re1 Nxf3+ 19. Qxf3 Bh5 20. Qf1 Nd5 21. Re5 Ne3 22. Qf2 Ng4 23. Rxe7 Qxe7 24. Re1 Nxf2 25. Rxe7 Nxh3+ 26. gxh3 Rce8 27. Rxb7 Re2 28. c4 f5 29. Rc7 Rxb2 30. Rxc5 Rxa2 31. Rd5 Rb8 32. Be1 Rb1 33. Re5 Be2 34. Kf2 Bxd3+ 35. Kf3 Be4+ 0-1

[Event "Komarom Esztergom County-chT"]
[Site "Hungary"]
[Date "2012.11.11"]
[Round "3.6"]
[White "Gaspar, David"]
[Black "Varga, Tamas"]
[Result "1-0"]
[WhiteElo "1795"]
[BlackElo "1795"]
[PlyCount "55"]
[EventDate "2012.09.29"]
[EventType "team-tourn"]
[EventRounds "10"]
[EventCountry "HUN"]
[SourceTitle "EXT 2014"]
[Source "ChessBase"]
[SourceDate "2013.11.20"]
[SourceVersion "1"]
[SourceVersionDate "2013.11.20"]
[SourceQuality "1"]
[WhiteTeam "Koernyei SE"]
[BlackTeam "Almasfuezito"]
[WhiteTeamCountry "HUN"]
[BlackTeamCountry "HUN"]

1. e4 c5 2. Nf3 e6 3. c3 Nc6 4. d4 cxd4 5. Nxd4 Nf6 6. f3 d5 7. Nxc6 bxc6 8. exd5 cxd5 9. Be3 Bd6 10. Bd3 Qc7 11. Qa4+ Bd7 12. Qh4 Bc5 13. Qf2 Bd6 14. b4 Bxh2 15. f4 Ng4 16. Qf3 Nxe3 17. Rxh2 Nc4 18. Bxc4 Qxc4 19. Nd2 Qc7 20. g3 Rc8 21. Rc1 a5 22. Nb3 axb4 23. cxb4 Qd6 24. Rxc8+ Bxc8 25. Qc3 0-0 26. Qc5 Qa6 27. Qc2 Qb6 28. Qxh7# 1-0